Two years before the mast / (Record no. 6700)
[ view plain ]
| 000 -LEADER | |
|---|---|
| fixed length control field | 00618nam a2200229 a 4500 |
| 001 - CONTROL NUMBER | |
| JCCL Control Number | 6700 |
| 003 - CONTROL NUMBER IDENTIFIER | |
| JCCL marc code | BD-JhCC |
| 005 - DATE AND TIME OF LATEST TRANSACTION | |
| control field | 20180329180258.0 |
| 008 - FIXED-LENGTH DATA ELEMENTS--GENERAL INFORMATION | |
| fixed length control field | 180128s1965 xxk 000 0 eng d |
| 035 ## - SYSTEM CONTROL NUMBER | |
| system control number | (BD-JhCC)6700 |
| 040 ## - CATALOGING SOURCE | |
| Original cataloging agency | BD-JhCC |
| Transcribing agency | UKM |
| Modifying agency | BD-JhCC |
| 041 ## - LANGUAGE CODE | |
| Language code of Book | eng |
| 082 ## - DEWEY DECIMAL CLASSIFICATION NUMBER | |
| Classification number | 910.09164 |
| DDC Edition number | 18 |
| Author mark and Year | DAN 1965 |
| 100 1# - MAIN ENTRY--PERSONAL NAME | |
| Personal name | Dana, Richard Henry, |
| Titles and other words associated with a name | Jr., |
| Dates associated with a name | 1815-1882. |
| 245 10 - TITLE STATEMENT | |
| Title | Two years before the mast / |
| Statement of responsibility, etc | Richard Henry Dana, |
| 260 ## - PUBLICATION, DISTRIBUTION, ETC. (IMPRINT) | |
| Place of publication, distribution, etc | Blackie, |
| Date of publication, distribution, etc | 1965 |
| 300 ## - PHYSICAL DESCRIPTION | |
| Pagination | 232 p. ; |
| Dimensions | 19 cm |
| 650 ## - SUBJECT ADDED ENTRY--TOPICAL TERM | |
| Topical term or geographic name as entry element | Voyages and Travels |
| General subdivision | Seafaring Life |
| 830 #0 - SERIES ADDED ENTRY--UNIFORM TITLE | |
| Uniform title | Famous books ; |
| Volume number/sequential designation | 18 |
| 942 ## - ADDED ENTRY ELEMENTS (KOHA) | |
| Source of classification or shelving scheme | Dewey Decimal Classification |
| Koha item type | Books |
| Source of classification or shelving scheme | Damaged status | Not for loan | Home library | Current library | Shelving location | Total Checkouts | Full call number | Barcode | Date last seen | Copy number | Koha item type |
|---|---|---|---|---|---|---|---|---|---|---|---|
| Dewey Decimal Classification | JCC Rouf Library | JCC Rouf Library | General Stacks | 910.09164 DAN 1965 | 9245 | 01/28/2018 | C - 1 | Books |